Multivariate analysis in vegetation research / (Record no. 14973)

000 -LEADER
fixed length control field 00446cam a2200169 i 4500
020 ## - INTERNATIONAL STANDARD BOOK NUMBER
ISBN 9061935679
040 ## - CATALOGING SOURCE
Transcribing agency DLC
082 00 - DEWEY DECIMAL CLASSIFICATION NUMBER
Classification number 581 JUN 1978 A063 Or.
100 1# - MAIN ENTRY--AUTHOR NAME
Personal name Orlóci, László,
245 10 - TITLE STATEMENT
Title Multivariate analysis in vegetation research /
250 ## - EDITION STATEMENT
Edition statement 2d ed.
260 ## - PUBLICATION, DISTRIBUTION, ETC. (IMPRINT)
Place of publication The Hague ;
-- Boston :
Name of publisher Junk,
Year of publication 1978.
300 ## - PHYSICAL DESCRIPTION
Number of Pages ix, 451 p. :
Other physical details ill. ;
Dimensions 24 cm.
650 #0 - SUBJECT ADDED ENTRY--TOPICAL TERM
Topical Term Plant ecology
650 #0 - SUBJECT ADDED ENTRY--TOPICAL TERM
Topical Term Multivariate analysis.
942 ## - ADDED ENTRY ELEMENTS (KOHA)
Koha item type សៀវភៅភាសាបារាំង
952 ## - LOCATION AND ITEM INFORMATION (KOHA)
Withdrawn status [LOCAL, KOHA] 0
Holdings
Permanent Location Date acquired Koha item type Lost status Shelving location Barcode Current Location Full call number
Library Block A2017-11-01សៀវភៅភាសាបារាំង A063A21165Library Block A581 JUN 1978 A063 Or.
មជ្ឈមណ្ឌលឯការនៃសាកលវិទ្យាល័យភូមិន្ទកសិកម្មចំការដូង

Powered by Koha